000 00494nam a2200193 a 4500
001 1763019237990
003 YourLibrary
005 20251114111525.0
008 251113s2003##################000#0#eng##
020 _a9780231126137
082 0 4 _a895.635KEE
100 1 _aOda, Makoto,
_eauthor.
245 1 0 _aThe Breaking Jewel :
260 _bColumbia University Press,
_c2003.
300 _a140 pages
650 0 _aEducation.
942 _cENGLISH
040 _aYourLibrary
_beng
_cYourLibrary
999 _c597478
_d597478